[Event "38th Olympiad"]
[Site "Dresden GER"]
[Date "2008.11.14"]
[Round "2"]
[White "Smerdon,D"]
[Black "Arias,Le"]
[Result "1/2-1/2"]
[WhiteElo "2470"]
[BlackElo "2372"]

1.e4 c5 2.c3 Nf6 3.e5 Nd5 4.d4 cxd4 5.Nf3 Nc6 6.cxd4 d6 7.Bc4 Nb6 8.Bb5 Bd7
9.Nc3 dxe5 10.dxe5 g6 11.O-O Bg7 12.Qe2 O-O 13.Bf4 Bg4 14.Bxc6 bxc6 15.h3 Bxf3
16.Qxf3 Nd5 17.Bg3 Qb8 18.Nxd5 cxd5 19.Qxd5 e6 20.Qa5 Rd8 21.Rfd1 Rxd1+ 22.Rxd1 Qxb2
23.Rd6 h5 24.h4 Rc8 25.Kh2 Qb7 26.Qa4 Bf8 27.Rd7 Rc7 28.Rd8 Kg7 29.Qe8 Qb4
30.Ra8 Qe7 31.Qxe7 Bxe7 32.Bf4 Bxh4 33.Be3 Rc2 34.g3 Be7 35.Rxa7 Bd8 36.Ra8 Bc7
37.Rc8 Rc3 38.Bb6 Bxe5 39.Rxc3 Bxc3 40.a4 g5 41.a5 Bxa5 42.Bxa5 Kg6 43.Kg2 Kf5
44.Bd8 e5 45.Kf3 f6 46.Ke3 h4 47.gxh4 gxh4 48.Kf3 Kg5 49.Ke4 Kg6 50.Kf3 Kg5
51.Ke4 Kg6 52.Bb6 Kg5 53.f3 h3 54.Bg1 Kg6 55.Bh2 Kg5 56.Bg3 Kg6 57.Bh2 Kg5
58.Kd3 Kg6 59.Ke2 Kf5 60.Ke3 Ke6 61.Kf2 f5 62.Kg3 f4+ 63.Kg4 Kf6 64.Bg1 Ke6
65.Kg5 Kd6 66.Kf5 Kd5 67.Bh2 Kd6 68.Ke4  1/2-1/2

[Event "38th Olympiad w"]
[Site "Dresden GER"]
[Date "2008.11.16"]
[Round "4"]
[White "Terao,J"]
[Black "Rogule,L"]
[Result "0-1"]
[WhiteElo "2143"]
[BlackElo "2260"]

1.e4 c5 2.c3 Nf6 3.e5 Nd5 4.d4 cxd4 5.Qxd4 e6 6.Nf3 Nc6 7.Qe4 f5 8.Qe2 Qc7
9.g3 b5 10.Bg2 a5 11.O-O Ba6 12.Rd1 Bc5 13.Nh4 Nde7 14.Be3 Qb6 15.Bxc5 Qxc5
16.Nd2 b4 17.c4 Ra7 18.Nhf3 O-O 19.Rac1 a4 20.b3 axb3 21.Nxb3 Qb6 22.Qe1 Rfa8
23.Rc2 Bc8 24.Qe2 Ra3 25.Rd6 Qa7 26.Nfd4 Rxa2 27.Nxc6 dxc6 28.Rd8+ Kf7 29.Qh5+ Ng6
30.Qxh7 Nxe5 31.Rg8 Ra1+ 32.Bf1 Nf3+ 33.Kg2 Kf6 34.Rf8+ Kg5 35.h4+ Nxh4+
36.Qxh4+ Kg6 37.Be2  0-1

[Event "XXXII Tenkes Cup"]
[Site "Harkany HUN"]
[Date "2008.11.16"]
[Round "3"]
[White "Okhotnik,V"]
[Black "Jankovic,A"]
[Result "1/2-1/2"]
[WhiteElo "2445"]
[BlackElo "2548"]

1.e4 c5 2.c3 Nf6 3.e5 Nd5 4.d4 cxd4 5.cxd4 d6 6.Nf3 Nc6 7.Bc4 e6 8.O-O Be7
9.a3 O-O 10.Re1 a6 11.Qd3 dxe5 12.dxe5  1/2-1/2

[Event "38th Olympiad w"]
[Site "Dresden GER"]
[Date "2008.11.17"]
[Round "5"]
[White "Bhatia,K"]
[Black "Ziogaite,J"]
[Result "1-0"]
[WhiteElo "2065"]
[BlackElo "2093"]

1.e4 c5 2.c3 Nf6 3.e5 Nd5 4.d4 cxd4 5.Nf3 Nc6 6.cxd4 d6 7.Bc4 Nb6 8.Bb3 dxe5
9.d5 Na5 10.Nc3 Nxb3 11.Qxb3 e6 12.Nxe5 exd5 13.Be3 Bd6 14.Qb5+ Kf8 15.Nf3 Be6
16.O-O Nc4 17.Bd4 b6 18.Rad1 a6 19.Qb3 b5 20.Ne2 Rc8 21.Qd3 Qd7 22.b3 Bf5
23.Qc3 Ne5 24.Nxe5 Bxe5 25.Qa5 Qd6 26.Bxe5 Qxe5 27.Nd4 Bg4 28.Qxa6 g6 29.f3 Bf5
30.Rfe1 Qf4 31.Qf6 Kg8 32.Re7 Rf8 33.Rde1 Qd2 34.Re8 Qb4 35.Nxf5  1-0

[Event "38th Olympiad"]
[Site "Dresden GER"]
[Date "2008.11.17"]
[Round "5"]
[White "Howell,D"]
[Black "Shytaj,L"]
[Result "1-0"]
[WhiteElo "2593"]
[BlackElo "2472"]

1.e4 c5 2.c3 Nf6 3.e5 Nd5 4.Nf3 Nc6 5.Bc4 Nb6 6.Bb3 c4 7.Bc2 Qc7 8.Qe2 g5
9.e6 dxe6 10.Nxg5 Qe5 11.d4 cxd3 12.Bxd3 Qxe2+ 13.Bxe2 h6 14.Ne4 e5 15.Ng3 Be6
16.Nd2 O-O-O 17.O-O Nd5 18.Nc4 Rg8 19.Kh1 Nf4 20.Bxf4 exf4 21.Nh5 Bxc4 22.Bxc4 Ne5
23.Be2 Rd2 24.Nxf4 Rxb2 25.Rfb1 Rxb1+ 26.Rxb1 e6 27.g3 Bd6 28.Kg2 Kc7 29.Nh5 Be7
30.f4 Nd7 31.f5 exf5 32.Rf1 Nf6 33.Nxf6 Bxf6 34.Rxf5 Be7 35.Rxf7 Kd6 36.Rh7 Rg6
37.Bd3 Re6 38.h4 a5 39.Bf5 Re2+ 40.Kf3 Rxa2 41.Rxh6+ Kc5 42.Re6 Bd6 43.h5 Rh2
44.h6 a4 45.h7 a3 46.Re2 Rh1 47.Re8 a2 48.Ra8 Be5 49.Rxa2 Bxc3 50.Rc2 Kb4
51.Rxc3 Kxc3 52.g4 Kd4 53.Kg2 Rh4 54.Kg3 Rh1 55.g5 Kd5  1-0

[Event "38th Olympiad"]
[Site "Dresden GER"]
[Date "2008.11.19"]
[Round "6"]
[White "Espinosa Flores,R"]
[Black "El Debs,F"]
[Result "1-0"]
[WhiteElo "2412"]
[BlackElo "2447"]

1.e4 c5 2.c3 Nf6 3.e5 Nd5 4.d4 cxd4 5.Nf3 e6 6.cxd4 d6 7.Bc4 Be7 8.O-O Nc6
9.Qe2 O-O 10.Re1 Na5 11.exd6 Qxd6 12.Bxd5 Qxd5 13.Nc3 Qh5 14.Bf4 Nc6 15.Rad1 Rd8
16.Qe4 Qg6 17.Qxg6 hxg6 18.d5 exd5 19.Nxd5 Be6 20.Nxe7+ Nxe7 21.Nd4 Nc6 22.Nxe6 fxe6
23.Bg5 Rd5 24.Rxd5 exd5 25.Re6 Rc8 26.Rxg6 Ne5 27.Re6 Nf7 28.h4 Nxg5 29.hxg5 Rc1+
30.Kh2 Rc2 31.f4 Rxb2 32.Re7 g6 33.Rd7 Kf8 34.Kg3 d4 35.Rxd4 Rxa2 36.Rd6 Rb2
37.Rxg6 a5 38.Rh6 Kg7 39.f5 a4 40.f6+ Kf7 41.Rh7+ Ke6 42.Re7+ Kd6 43.Re1 Rb3+
44.Kg4 Rb4+ 45.Kf5 Rb2 46.Rd1+ Kc6 47.f7 Rf2+ 48.Ke6 a3 49.g6 Re2+ 50.Kf6 Rf2+
51.Kg7  1-0

[Event "38th Olympiad w"]
[Site "Dresden GER"]
[Date "2008.11.19"]
[Round "6"]
[White "Nyamtuya,O"]
[Black "Vasiliev,Olg"]
[Result "0-1"]
[WhiteElo "1958"]
[BlackElo "2235"]

1.e4 c5 2.c3 Nf6 3.e5 Nd5 4.d4 cxd4 5.Nf3 Nc6 6.Bc4 Nb6 7.Bb3 g6 8.Ng5 d5
9.exd6 e6 10.Qf3 Ne5 11.Qe4 Qxd6 12.O-O f5 13.Qh4 Be7 14.cxd4 Ng4 15.Qg3 Qxd4
16.Rd1 Qf6 17.h3 Ne5 18.Bf4 Nc6 19.Nc3 h6 20.Nf3 g5 21.Be5 Nxe5 22.Qxe5 Qxe5
23.Nxe5 Bf6 24.Re1 O-O 25.Rad1 Rd8 26.Rxd8+ Bxd8 27.Nf3 Bf6 28.Bxe6+ Bxe6
29.Rxe6 Kf7 30.Rd6 Re8 31.Kf1 Re7 32.Nd1 Nc4 33.Rd5 g4 34.Nd4 Nd2+ 35.Kg1 Re1+
36.Kh2 Nf1+ 37.Kg1 Ne3+  0-1

[Event "38th Olympiad w"]
[Site "Dresden GER"]
[Date "2008.11.21"]
[Round "8"]
[White "Donatti,S"]
[Black "Ni,V"]
[Result "0-1"]
[WhiteElo "1678"]
[BlackElo "2168"]

1.e4 c5 2.c3 Nf6 3.e5 Nd5 4.d4 cxd4 5.cxd4 e6 6.Nf3 d6 7.Nc3 Nxc3 8.bxc3 Qc7
9.Bd2 Nd7 10.Bb5 a6 11.Bxd7+ Bxd7 12.O-O Bc6 13.exd6 Bxd6 14.h3 O-O 15.Re1 b5
16.Ne5 Bd5 17.Qc2 Qb7 18.Re3 f6 19.Nd3 Bxg2 20.Ne1 Bd5 21.f3 f5 22.Kf2 f4
23.Re2 Bc4 24.Nd3 Qe7 25.Be1 Qg5 26.Kf1 Qf5 27.Rd1 Qxh3+ 28.Kg1 Qxf3 29.Rg2 Bd5
30.Ne5 Qxg2+ 31.Qxg2 Bxg2 32.Kxg2 Bxe5 33.dxe5 Rad8  0-1

[Event "38th Olympiad"]
[Site "Dresden GER"]
[Date "2008.11.22"]
[Round "9"]
[White "Parligras,M"]
[Black "Nedev,T"]
[Result "1-0"]
[WhiteElo "2611"]
[BlackElo "2525"]

1.e4 c5 2.c3 Nf6 3.e5 Nd5 4.d4 cxd4 5.Nf3 d6 6.cxd4 Nc6 7.Bc4 e6 8.O-O Be7
9.Qe2 O-O 10.Nc3 Nxc3 11.bxc3 dxe5 12.dxe5 Qa5 13.Bd2 Rd8 14.Rfe1 Bd7 15.Bb3 Qc5
16.Qe4 Be8 17.Rac1 Rd7 18.h4 Na5 19.Bc2 g6 20.h5 Nc4 21.Bh6 Rd5 22.hxg6 hxg6
23.Qf4 Rad8 24.Re2 Na3 25.Bb3 Rd3 26.Bg5 Bc6 27.Qh4 Bxg5 28.Nxg5  1-0

[Event "38th Olympiad"]
[Site "Dresden GER"]
[Date "2008.11.22"]
[Round "9"]
[White "Krulich,R"]
[Black "Pan,L"]
[Result "1-0"]
[WhiteElo "2239"]
[BlackElo "2213"]

1.e4 c5 2.c3 Nf6 3.e5 Nd5 4.Nf3 d6 5.exd6 exd6 6.d4 Be7 7.Be2 O-O 8.O-O Bf6
9.Qb3 Nb6 10.dxc5 dxc5 11.Be3 Qc7 12.c4 Re8 13.Nc3 Bd7 14.Rfd1 Bxc3 15.Qxc3 Bc6
16.Rd2 N8d7 17.Rad1 Nf6 18.Qc1 Nbd7 19.h3 Ne4 20.Rd3 Ndf6 21.Bf4 Qb6 22.Ne5 Re6
23.Nxc6 Qxc6 24.Rd8+ Rxd8 25.Rxd8+ Re8 26.Rxe8+ Qxe8 27.Qe3 Nd7 28.Bf3 Ndf6
29.g4 h6 30.h4 Qe6 31.g5 Qxc4 32.gxf6 Nxf6 33.b3 Qb4 34.Qd2 Qb6 35.Qc3 Qa6
36.a4 b5 37.axb5 Qxb5 38.Qc4 Qa5 39.Be3 Nd7 40.Bd5 Ne5 41.Qe4  1-0

[Event "TCh-BEL 2008-9"]
[Site "Belgium BEL"]
[Date "2008.11.23"]
[Round "4"]
[White "Laurent,B"]
[Black "Ringoir,T"]
[Result "1/2-1/2"]
[WhiteElo "2370"]
[BlackElo "2354"]

1.e4 c5 2.c3 Nf6 3.e5 Nd5 4.d4 cxd4 5.Nf3 d6 6.exd6 Qxd6 7.Nxd4 e6 8.Be2 Nc6
9.O-O Be7 10.Nxc6 Qxc6 11.c4 Nf6 12.Nc3 O-O 13.Bf4 Bd7 14.Rc1 Qb6 15.Qc2 Bc6
16.a3  1/2-1/2

[Event "38th Olympiad"]
[Site "Dresden GER"]
[Date "2008.11.23"]
[Round "10"]
[White "Lim Yee Weng"]
[Black "Pazos Gambarrotti,P"]
[Result "1-0"]
[WhiteElo "2396"]
[BlackElo "2327"]

1.e4 c5 2.c3 Nf6 3.e5 Nd5 4.Nf3 e6 5.d4 cxd4 6.cxd4 b6 7.Nc3 Nxc3 8.bxc3 Qc7
9.Bd2 Bb7 10.Bd3 d6 11.O-O Nd7 12.Ng5 dxe5 13.Qh5 Nf6 14.Bb5+ Kd8 15.Qxf7 Bc8
16.dxe5 Qxe5 17.Bc6 Rb8 18.Qxa7 Rb7 19.Bxb7 Qc7 20.Be3 Nd5 21.Qa8 Qxb7 22.Qxb7 Bxb7
23.Nf7+  1-0

[Event "38th Olympiad"]
[Site "Dresden GER"]
[Date "2008.11.23"]
[Round "10"]
[White "Smerdon,D"]
[Black "Sunye Neto,J"]
[Result "1-0"]
[WhiteElo "2470"]
[BlackElo "2488"]

1.e4 c5 2.c3 Nf6 3.e5 Nd5 4.d4 cxd4 5.Nf3 e6 6.cxd4 d6 7.Bc4 Nc6 8.Qe2 Be7
9.O-O O-O 10.Nc3 Nxc3 11.bxc3 dxe5 12.dxe5 Qa5 13.Rb1 Rd8 14.Qe4 Qa4 15.Bg5 h6
16.Bxe7 Nxe7 17.Bd3 Qxe4 18.Bxe4 Rb8 19.Rfd1 Rf8 20.Nd4 b6 21.Nb5 Bb7 22.Bd3 Nc6
23.f4 Ne7 24.g3 Rfd8 25.Nd6 Bc6 26.Kf2 Rd7 27.Ba6 Rbd8 28.Rd4 Nf5 29.Nxf5 exf5
30.Ke3 Kf8 31.h3 h5 32.Be2 g6 33.g4 hxg4 34.hxg4 fxg4 35.Bxg4 Rd5 36.Rbd1 g5
37.Bf3 gxf4+ 38.Kxf4 Rxd4+ 39.cxd4 Bxf3 40.Kxf3 f6 41.e6 Ke7 42.d5 Rh8 43.Ke4 Rh4+
44.Kf5 Rh5+ 45.Kg4 Rh8 46.a4 Rg8+ 47.Kf5 Rg5+ 48.Kf4 Rg8 49.Rc1 Kd6 50.Kf5 Rg2
51.Re1 Kxd5  1-0

[Event "38th Olympiad"]
[Site "Dresden GER"]
[Date "2008.11.23"]
[Round "10"]
[White "Lupulescu,C"]
[Black "Halkias,S"]
[Result "1/2-1/2"]
[WhiteElo "2594"]
[BlackElo "2584"]

1.e4 c5 2.c3 Nf6 3.e5 Nd5 4.d4 cxd4 5.Nf3 e6 6.cxd4 d6 7.Bc4 Nb6 8.Bd3 Nc6
9.a3 dxe5 10.dxe5 Nd7 11.Bf4 Be7 12.O-O g5 13.Bg3 h5 14.h3 g4 15.hxg4 hxg4
16.Nfd2 Bh4 17.Qxg4 Ndxe5 18.Bxe5 Nxe5 19.Bb5+ Kf8 20.Qe4 Bf6 21.Rd1 Kg7
22.g3 a6 23.Bf1 Bd7 24.Bg2 Bc6 25.Qe2 Bb5 26.Qe4 Rh6 27.Nc3 Bc6 28.Qe2 Qh8
29.Bxc6 Nxc6 30.Qe4 Bd4 31.Nb3 f5 32.Qf3 Rd8 33.Nxd4 Nxd4 34.Qxb7+ Kf6 35.Rxd4 Rxd4
36.Re1 Rd6 37.Qf3 Kg6 38.Ne2 Qc8 39.g4 Qc6 40.gxf5+ exf5 41.Nf4+ Kg5 42.Qg3+ Kf6
43.Ng2 Rg6 44.Qe5+ Kf7 45.Qxf5+ Kg8 46.Qh3 Rxg2+ 47.Qxg2+ Rg6 48.Qxg6+ Qxg6+
49.Kf1 Qd3+ 50.Kg1 Qd2 51.Re3 Qxb2 52.Kg2 Kf7 53.Kg1 Kf6 54.Kg2 Kf5 55.Kg1 Kf4
56.Kg2 a5 57.Kg1 Qc2 58.Kg2 Qd1 59.Rg3 Ke4 60.Re3+ Kd4 61.Rg3 Kc4 62.Re3 Qg4+
63.Kf1 Qf4 64.Ke2 Qh2 65.Rg3 Qh1 66.Re3 Qh5+ 67.Ke1 Qh1+ 68.Ke2 Qc1 69.Rg3 Kb5
70.Re3 Ka4 71.Rg3 Qc4+ 72.Ke1 Qc2 73.Re3 Kb5 74.Re5+ Kc4 75.Re3 Kd4 76.Rg3 Ke5
77.Re3+ Kf4 78.Rg3 a4 79.Re3 Qc1+ 80.Ke2 Qc4+ 81.Ke1 Qb5 82.Rg3 Qe8+ 83.Re3 Qd7
84.Ke2 Qb7 85.Ke1 Qh1+ 86.Ke2 Qh5+ 87.Ke1 Qg6 88.Ke2 Qc2+ 89.Ke1 Kg4 90.Rg3+ Kf5
91.Re3 Kf4 92.Rg3 Ke5 93.Re3+ Kd4 94.Rg3 Kc4 95.Re3 Qh7 96.Rg3 Qh5 97.Re3 Qg6
98.Rg3 Qh6 99.Re3 Kd4 100.Rg3 Qe6+ 101.Re3 Qf5 102.Rg3 Qf4 103.Re3 Qh6 104.Rg3 Qb6
105.Re3 Qb5 106.Rg3 Qe5+ 107.Re3 Qh2 108.Rg3 Qh8 109.Re3 Qh1+ 110.Ke2 Qa1
111.Rg3 Qb2+ 112.Ke1 Qb1+ 113.Ke2 Qb5+ 114.Ke1 Qe5+ 115.Re3 Qxe3+ 116.fxe3+ Kxe3
117.Kd1 Kd3 118.Kc1 Kc3 119.Kb1 Kb3 120.Ka1 Kxa3 121.Kb1 Kb3 122.Ka1 a3 123.Kb1 a2+
124.Ka1 Ka3  1/2-1/2

[Event "38th Olympiad"]
[Site "Dresden GER"]
[Date "2008.11.25"]
[Round "11"]
[White "Jenni,F"]
[Black "Hillarp Persson,T"]
[Result "0-1"]
[WhiteElo "2543"]
[BlackElo "2543"]

1.e4 c5 2.c3 Nf6 3.e5 Nd5 4.d4 cxd4 5.Nf3 e6 6.cxd4 d6 7.Bc4 Nc6 8.O-O Be7
9.exd6 Qxd6 10.Nc3 O-O 11.Re1 Rd8 12.Ne4 Qc7 13.Bb3 Bd7 14.Bg5 Bxg5 15.Nfxg5 h6
16.Nf3 Be8 17.Rc1 Rac8 18.Nc5 Qe7 19.a3 b6 20.Ne4 Qb7 21.Qd3 Nce7 22.Rxc8 Qxc8
23.Ng3 Nf6 24.Ba2 Qc6 25.Ne2 Qb5 26.Bc4 Qf5 27.Qxf5 Nxf5 28.Ba6 b5 29.Rc1 Rd6
30.Bb7 Rb6 31.Ba8 b4 32.Ne5 bxa3 33.bxa3 Rb2 34.Bf3 Bb5 35.Nc4 Bxc4 36.Rxc4 Nh4
37.Nc3 Nxf3+ 38.gxf3 Nh5 39.d5 Rc2 40.dxe6 fxe6 41.h4 Kf8 42.Rc8+ Kf7 43.Rc7+ Ke8
44.Rc4 Nf6 45.Kg2 Nd5 46.Rc8+ Kd7  0-1

[Event "sub-zt 2.3.4 Absoluto"]
[Site "San Andres COL"]
[Date "2008.11.26"]
[Round "2"]
[White "Ossa,O"]
[Black "Echavarria,J"]
[Result "1/2-1/2"]
[WhiteElo "2314"]
[BlackElo "2376"]

1.e4 c5 2.c3 Nf6 3.e5 Nd5 4.Nf3 Nc6 5.Bc4 Nb6 6.Bb3 d5 7.O-O Bg4 8.Re1 e6
9.h3 Bh5 10.a4 c4 11.Bc2 Nd7 12.g4 Bg6 13.d4 cxd3 14.Bxd3 Be7 15.Bf4 Bxd3
16.Qxd3 Nc5 17.Qc2 Rc8 18.Nbd2 O-O 19.Nb3 Nxb3 20.Qxb3 Na5 21.Qc2 Qb6 22.Be3 Qc7
23.Bd4 Nc6 24.Be3 Nxe5 25.Nxe5 Qxe5 26.Bxa7 Qf6 27.Qe2 Bd6 28.Bd4 Qf4 29.Be5 Bxe5
30.Qxe5 Qxe5 31.Rxe5 Rc4 32.Ra3 Ra8 33.a5 Kf8 34.Re1 Ke7 35.Rea1 Rc6 36.Kf1 Kd6
37.b4 Kc7 38.Ke2 Rc4 39.Kd3 Kc6 40.a6 bxa6 41.Rxa6+ Rxa6 42.Rxa6+ Kb7 43.Rd6 Kc7
44.Ra6 Kb7 45.Rd6  1/2-1/2

[Event "21st Belgrade Trophy"]
[Site "Obrenovac SRB"]
[Date "2008.11.27"]
[Round "1"]
[White "Katic,G"]
[Black "Chirila,I"]
[Result "0-1"]
[WhiteElo "2070"]
[BlackElo "2462"]

1.e4 c5 2.c3 Nf6 3.e5 Nd5 4.d4 cxd4 5.Nf3 e6 6.cxd4 d6 7.Bc4 Nc6 8.Bg5 Be7
9.Bxe7 Ndxe7 10.Nc3 dxe5 11.dxe5 Qa5 12.O-O Nxe5 13.b4 Nxf3+ 14.Qxf3 Qc7
15.Nb5 Qb6 16.Qg3 O-O 17.Nc7 Rb8 18.Ne8 Rxe8 19.Qxb8 Bd7 20.Qf4 Bc6 21.b5 Bd5
22.Bxd5 Nxd5 23.Qc4 h6 24.a4 Qa5 25.Rfe1 Re7 26.Qb3 Rc7 27.Rec1 Nc3 28.Rc2 b6
29.Kf1 Nxb5 30.Rxc7 Nxc7 31.Rc1 Nd5 32.Rc8+ Kh7 33.Qc2+ f5 34.g4 Nf4 35.Qc4  0-1

[Event "21st Belgrade Trophy"]
[Site "Obrenovac SRB"]
[Date "2008.11.29"]
[Round "3"]
[White "Pusonja,N"]
[Black "Kosic,L"]
[Result "0-1"]
[WhiteElo "1651"]
[BlackElo "1913"]

1.e4 c5 2.c3 Nf6 3.e5 Nd5 4.Bc4 Nb6 5.Bb3 c4 6.Bc2 Nc6 7.Nf3 Qc7 8.Qe2 g6
9.d4 cxd3 10.Bxd3 Nd5 11.Bc4 Nb6 12.Bb3 Bg7 13.Bf4 e6 14.Nbd2 Na5 15.Ne4 O-O
16.Qd2 Nac4 17.Qd4 a5 18.Bxc4 Nxc4 19.b3 Nb6 20.Qd2 Nd5 21.Bh6 f5 22.Bxg7 Kxg7
23.Nd6 Qxc3 24.Rc1 Qb4 25.O-O Qxd2 26.Nxd2 Nf4 27.Rc7 Nd5 28.Rc2 b6 29.Rfc1 Ba6
30.g3 g5 31.h4 gxh4 32.gxh4 Kh6 33.Kh2 Nb4 34.Rc7 Nd3 35.Rg1 Nxe5 36.Rg5 Be2
37.f4 Ng4+ 38.Kg3 Nf6 39.Nf3 Bxf3 40.Kxf3 Rad8 41.a4 Nd5 42.Rc2 Ne7 43.Rcg2 Ng6
44.Rh2 Nh8 45.Rhg2 Nf7 46.Nxf7+ Rxf7 47.Ke3 Rc8 48.Kd4 Rc1 49.R2g3 Re1 50.Rg8 Re4+
51.Kc3 Rxf4 52.Rg1 e5 53.Kd3 Rf3+ 54.Kc4 e4 55.Kd4 d6 56.Kd5 e3 57.Kxd6 Rb7
58.Rf8 Rg7 59.Rh1 Rg6+ 60.Kd5 Kg7 61.Rb8 e2 62.Re1 Re3 63.Rxb6 f4 64.Kd4 Ree6
65.Rb7+ Kf6  0-1

[Event "Mediterranean Open"]
[Site "Rijeka CRO"]
[Date "2008.11.29"]
[Round "1"]
[White "Steinhart,C"]
[Black "Jankovic,A"]
[Result "0-1"]
[WhiteElo "2027"]
[BlackElo "2548"]

1.e4 c5 2.c3 Nf6 3.e5 Nd5 4.d4 cxd4 5.cxd4 d6 6.Bc4 Nb6 7.Bb3 dxe5 8.dxe5 Qxd1+
9.Bxd1 Nc6 10.Nf3 g6 11.b3 Bg7 12.Bb2 Nd7 13.O-O Ndxe5 14.Nxe5 Nxe5 15.Nd2 O-O
16.f4 Nf3+ 17.Bxf3 Bxb2 18.Rad1 Rb8 19.Nc4 Bf6 20.g4 h6 21.Rd3 b6 22.Rfd1 e6
23.Kg2 g5 24.Kg3 Kg7 25.Ne5 gxf4+ 26.Kxf4 Bxe5+ 27.Kxe5 f6+ 28.Kf4 e5+ 29.Kg3 Be6
30.Bd5 Rbe8 31.h4 h5 32.Bxe6 Rxe6 33.Rd7+ Kh6 34.Rxa7 Rg8 35.g5+ fxg5 36.hxg5+ Rxg5+
37.Kf3 e4+ 38.Kf4 Rg4+ 39.Kf5 Rc6 40.Rd5 e3 41.Re7 Rg5+ 42.Ke4 e2 43.Kd4 Rxd5+
44.Kxd5 Rc2 45.a4 h4 46.Kd4 h3 47.Kd3 Rb2 48.Ke4  0-1

[Event "Open"]
[Site "Figueira da Foz POR"]
[Date "2008.11.30"]
[Round "1"]
[White "Mendes,C"]
[Black "Nebolsina,V"]
[Result "0-1"]
[WhiteElo "1826"]
[BlackElo "2340"]

1.e4 c5 2.c3 Nf6 3.e5 Nd5 4.Nf3 Nc6 5.d4 cxd4 6.cxd4 d6 7.Be2 g6 8.Qb3 dxe5
9.dxe5 Bg7 10.O-O O-O 11.Bb5 Be6 12.Re1 Nc7 13.Qa4 Bd5 14.Nbd2 Nxb5 15.Qxb5 a6
16.Qa4 Qc7 17.Qc2 Rac8 18.b3 Nxe5 19.Qxc7 Nxf3+ 20.Nxf3 Rxc7 21.Rb1 Rc2 22.Rxe7 Rfc8
23.Be3 Rxa2 24.Nd4 Kf8 25.Rd7 Be4 26.Re1 Ke8 27.Rd6 Be5 28.Rb6 Bc7  0-1

[Event "British Rapid"]
[Site "Halifax ENG"]
[Date "2008.11.30"]
[Round "7"]
[White "Howell,D"]
[Black "Trent,L"]
[Result "1-0"]
[WhiteElo "2593"]
[BlackElo "2470"]

1.e4 c5 2.c3 Nf6 3.e5 Nd5 4.Nf3 e6 5.d4 cxd4 6.cxd4 d6 7.Bc4 Nb6 8.Bb3 dxe5
9.Nxe5 Nc6 10.Nf3 Bb4+ 11.Nc3 Nd5 12.Bd2 O-O 13.O-O Na5 14.Bc2 Bxc3 15.bxc3 Qc7
16.Rc1 Nc4 17.Re1 f6 18.Qe2 Bd7 19.Qd3 g6 20.Bh6 Rf7 21.Bb3 Rc8 22.Nd2 b5
23.Ne4 Re8 24.Nc5 Ncb6 25.h4 a5 26.a3 a4 27.Ba2 f5 28.Re5 Nc4 29.Bxc4 bxc4
30.Qxc4 Nb6 31.Qe2 Qc6 32.Re1 Nd5 33.Qf3 Nf6 34.Qxc6 Bxc6 35.Rxe6 Rxe6 36.Rxe6  1-0

[Event "British Rapid"]
[Site "Halifax ENG"]
[Date "2008.11.30"]
[Round "10"]
[White "Poobalasingam,P"]
[Black "Gordon,S"]
[Result "1-0"]
[WhiteElo "2235"]
[BlackElo "2521"]

1.e4 c5 2.c3 Nf6 3.e5 Nd5 4.g3 d6 5.exd6 e6 6.Bg2 Bxd6 7.Nf3 O-O 8.O-O Nc6
9.d4 cxd4 10.Nxd4 Bd7 11.c4 Nf6 12.Nc3 Be5 13.Be3 Rc8 14.Ndb5 Qe7 15.Nxa7 Nxa7
16.Bxa7 Bxc3 17.bxc3 Bc6 18.Bxc6 Rxc6 19.Bd4 e5 20.Re1 Nd7 21.Qb3 Re6 22.Be3 b6
23.Rad1 Rc8 24.Qb5 Nc5 25.Rd5 h6 26.Bxc5 Rxc5 27.Rxc5 Qxc5 28.Qxc5 bxc5 29.f4 e4
30.f5 Re5 31.g4 h5 32.h3 hxg4 33.hxg4 e3 34.Kg2 Re4 35.Kf3 Rxc4 36.Rxe3 Ra4
37.Re5 Ra5 38.Ke4 f6 39.Re8+ Kf7 40.Rc8 Ra4+ 41.Kd5 Rxg4 42.Rxc5 Ra4 43.Rc7+ Kg8
44.c4 Rxa2 45.c5 Rd2+ 46.Ke6 Re2+ 47.Kd6 Rd2+ 48.Ke7 Re2+ 49.Kd8 Re5 50.c6 Rxf5
51.Rc8 Kf7 52.Rc7+ Kg6 53.Rd7 Rc5 54.c7 f5 55.Rd6+ Kg5 56.Kd7 Rxc7+ 57.Kxc7 f4
58.Rd7 g6 59.Rf7 Kg4 60.Kd6 Kg3 61.Ke5 g5 62.Ke4 Kg4 63.Rg7  1-0

[Event "Mediterranean Open"]
[Site "Rijeka CRO"]
[Date "2008.11.30"]
[Round "2"]
[White "Sercer,Z"]
[Black "Golubovic,B"]
[Result "0-1"]
[WhiteElo "2093"]
[BlackElo "2405"]

1.e4 c5 2.c3 Nf6 3.e5 Nd5 4.d4 cxd4 5.cxd4 d6 6.Nf3 e6 7.Bc4 Nc6 8.O-O Be7
9.Qe2 O-O 10.Nc3 Nxc3 11.bxc3 dxe5 12.Nxe5 Nxe5 13.Qxe5 Bd6 14.Qe2 Bd7 15.Bd2 Qc7
16.f4 Bc6 17.Bd3 Rfe8 18.Be4 Bf8 19.Qf3 Bxe4 20.Qxe4 g6 21.h4 h5 22.Rf3 Qc6
23.Qe2 Red8 24.Rg3 Bg7 25.Rb1 b6 26.Rf3 Rac8 27.Be1 Rd5 28.Kf1 Ra5 29.Rb2 Ra4
30.Rf2 Bf6 31.Rf3 a6 32.Rd3 b5 33.Rf3 Qd5 34.Rd3 Rcc4 35.Rf3 Ra3 36.Rd3 Rca4
37.Rdd2 Rxc3 38.Rd1 Rcc4 39.Bf2 Ra3 40.Rbd2 Rac3 41.Kg1 Rc1 42.Kh2 Rxd1 43.Rxd1 Qf5
44.g3 Rc2 45.Rd2 Rxd2 46.Qxd2 Qd5 47.Be3 Qf3 48.Bf2 b4 49.Kg1 Qc3 50.Qxc3 bxc3
51.Kf1 c2 52.Be3 Bxd4  0-1

[Event "Mediterranean Open"]
[Site "Rijeka CRO"]
[Date "2008.11.30"]
[Round "2"]
[White "Juranic,B"]
[Black "Stojanovski,D"]
[Result "1/2-1/2"]
[WhiteElo "2174"]
[BlackElo "2429"]

1.e4 c5 2.c3 Nf6 3.e5 Nd5 4.d4 cxd4 5.Nf3 e6 6.cxd4 d6 7.Bc4 Nc6 8.O-O Be7
9.Qe2 O-O 10.Qe4 Qc7 11.Re1 Bd7 12.Bg5 Ncb4 13.Nbd2 Bc6 14.a3 Nb6 15.Qh4 N4d5  1/2-1/2

[Event "Mediterranean Open"]
[Site "Rijeka CRO"]
[Date "2008.12.02"]
[Round "5"]
[White "Menkinoski,R"]
[Black "Martinovic,Sa"]
[Result "0-1"]
[WhiteElo "2324"]
[BlackElo "2416"]

1.e4 c5 2.c3 Nf6 3.e5 Nd5 4.d4 cxd4 5.Nf3 Nc6 6.cxd4 d6 7.Bc4 e6 8.Qe2 Be7
9.O-O O-O 10.Nc3 dxe5 11.dxe5 Nxc3 12.bxc3 Qa5 13.Bd2 Rd8 14.Rfe1 b6 15.Bd3 Bb7
16.Qe4 g6 17.Bc2 Rd7 18.Qe2 Rad8 19.Red1 Qa6 20.Qe1 Qc4 21.Bb3 Qc5 22.h4 Na5
23.Be3 Qc7 24.Rxd7 Rxd7 25.Bg5 Bxf3 26.gxf3 Bxg5 27.hxg5 Rd3 28.Qe4 Qxc3
29.Rd1 Rxd1+ 30.Bxd1 Qd2 31.Be2 Qxg5+ 32.Kf1 Qc1+ 33.Kg2 Qc3 34.Qh4 Qxe5
35.Qf4  0-1

[Event "Mediterranean Open"]
[Site "Rijeka CRO"]
[Date "2008.12.02"]
[Round "5"]
[White "Pucovski,M"]
[Black "Solic,K"]
[Result "1/2-1/2"]
[WhiteElo "2343"]
[BlackElo "2167"]

1.e4 c5 2.c3 Nf6 3.e5 Nd5 4.d4 cxd4 5.Nf3 Nc6 6.Bc4 e6 7.cxd4 d6 8.O-O Be7
9.Qe2 O-O 10.Nc3 Nxc3 11.bxc3 dxe5 12.dxe5 Qa5 13.Bd2 Rd8 14.Rfd1 Bd7 15.Rab1 Rab8
16.Qe4 Be8 17.h4 Qa4 18.Qe2 Qc2 19.Rbc1 Qf5 20.Bg5 Bxg5 21.hxg5 Qg4 22.Bd3 Ne7
23.Be4 Bc6 24.Bxc6 bxc6 25.Rxd8+ Rxd8 26.Rd1  1/2-1/2

[Event "Mediterranean Open"]
[Site "Rijeka CRO"]
[Date "2008.12.03"]
[Round "6"]
[White "Jurkovic,H"]
[Black "Jankovic,A"]
[Result "0-1"]
[WhiteElo "2430"]
[BlackElo "2548"]

1.e4 c5 2.c3 Nf6 3.e5 Nd5 4.d4 cxd4 5.Nf3 Nc6 6.cxd4 d6 7.Bc4 e6 8.O-O Be7
9.Qe2 O-O 10.Nc3 Nxc3 11.bxc3 dxe5 12.dxe5 Qa5 13.Bd2 Rd8 14.Rfe1 Bd7 15.Bb3 Be8
16.Rac1 Rd7 17.Qe4 Ba3 18.Ng5 Rxd2 19.Qxh7+ Kf8 20.Nxe6+ fxe6 21.Qh8+ Kf7
22.Qh5+ Kf8 23.Qh8+ Kf7 24.Qh5+ Kg8 25.Bxe6+ Kf8 26.Qh8+ Ke7 27.Qxg7+ Kxe6
28.Qg4+ Kd5 29.Rb1 Rb2 30.Qe4+ Kc5 31.Qe3+ Kb5 32.Qe2+ Kb6 33.Rxb2+ Bxb2
34.Qxb2+ Kc7 35.f4 Rd8 36.h3 Qc5+ 37.Kh2 Ne7 38.Qb4 Qxb4 39.cxb4 Rd2 40.h4 Bc6
41.h5 Rxg2+ 42.Kh3 Nf5 43.e6 Rg3+  0-1

[Event "Mediterranean Open"]
[Site "Rijeka CRO"]
[Date "2008.12.04"]
[Round "7"]
[White "Pucovski,M"]
[Black "Berke,A"]
[Result "1/2-1/2"]
[WhiteElo "2343"]
[BlackElo "2080"]

1.e4 c5 2.c3 Nf6 3.e5 Nd5 4.d4 cxd4 5.Nf3 Nc6 6.Bc4 e6 7.cxd4 d6 8.O-O Be7
9.Qe2 O-O 10.Nc3 Nxc3 11.bxc3 dxe5 12.dxe5 Qa5 13.Qe4 Qa4 14.Bg5 h6 15.Bxe7 Nxe7
16.Rab1 Bd7 17.Bd3 Qxe4 18.Bxe4 Bc6 19.Bxc6 bxc6 20.c4 c5 21.Rb7 Nc6 22.Rb5 Nd4
23.Nxd4 cxd4 24.Rc1 Rfd8 25.Kf1 d3 26.Rb2 d2 27.Rd1 Rac8 28.Rb7  1/2-1/2

[Event "It"]
[Site "Sisak CRO"]
[Date "2008.12.06"]
[Round "9"]
[White "Sertic,D USA"]
[Black "Banas,J"]
[Result "0-1"]
[WhiteElo "2236"]
[BlackElo "2356"]

1.e4 c5 2.c3 Nf6 3.e5 Nd5 4.d4 cxd4 5.Nf3 e6 6.cxd4 d6 7.Nc3 Nxc3 8.bxc3 Qc7
9.Bd2 Nd7 10.exd6 Bxd6 11.Bd3 b6 12.O-O Bb7 13.Re1 O-O 14.Ne5 Nxe5 15.dxe5 Bxe5
16.Bxh7+ Kxh7 17.Qh5+ Kg8 18.Rxe5 f6 19.Rxe6 Qd7 20.Rae1 Qxd2 21.Re7 Qd5
22.Qg6 Rf7 23.R7e3 Qg5 24.Qxf7+ Kxf7 25.Re7+ Kf8 26.Rxb7 Re8  0-1

[Event "TCh-BEL 2008-9"]
[Site "Belgium BEL"]
[Date "2008.12.07"]
[Round "5"]
[White "Henris,L"]
[Black "Ringoir,T"]
[Result "1/2-1/2"]
[WhiteElo "2251"]
[BlackElo "2354"]

1.e4 c5 2.c3 Nf6 3.e5 Nd5 4.d4 cxd4 5.Nf3 d6 6.cxd4 Nc6 7.Bc4 e6 8.O-O Be7
9.Qe2 O-O 10.a3 Bd7 11.Rd1 Rc8 12.Nbd2 dxe5 13.dxe5 Na5 14.Ba2 Ba4 15.Re1 Qb6
16.Nc4 Nxc4  1/2-1/2